| 000 | 00733nam a2200253 4500 | ||
|---|---|---|---|
| 001 | 200461859 | ||
| 003 | TR-AnTOB | ||
| 005 | 20250620074107.0 | ||
| 007 | ta | ||
| 008 | 060818s2008 tur 000 0 tur d | ||
| 020 | _a9789759918842 | ||
| 040 |
_aTR-AnTOB _beng _erda _cTR-AnTOB |
||
| 041 | _atur | ||
| 050 |
_aPL248.E738 _bO53 2008 |
||
| 090 |
_aPL248.E738 _bO53 2008 |
||
| 100 | 1 |
_aErbulak, Deniz, _d1971- _9146456 _eauthor |
|
| 245 | 1 | 0 |
_a14 yaşında bir genç kızım ben - 2 : _bsürpriz tatil. |
| 264 | 1 |
_aİstanbul : _bDoğan Egmont, _c2008. |
|
| 300 |
_a263 pages; _c21 cm |
||
| 650 | 7 |
_aKısa hikayeler, Türk _2etuturkob _948475 |
|
| 650 | 0 |
_aTürk edebiyatı _986354 |
|
| 942 |
_2lcc _cBK |
||
| 999 |
_c200461859 _d80071 |
||